000 00945nam a2200217Ia 4500
003 Ost
005 20260507075744.0
008 260507s9999||||xx |||||||||||||| ||und||
020 _a2053909961
040 _cfsecg
041 _aara
082 _a330
100 _aطرطار، أحمد
_eمؤلف
245 0 _aمحاسبة البنوك /
_c أحمد طرطار
260 _aالجرائر:
_bديوان المطبوعات الجامعية,
_c2002
300 _a362 صفحة؛
_bإيضاحات ؛
_c22 سم
520 _aالمؤسسة والمحاسبة- توازن تغيير وضعية المؤسسة والتوازن المحاسبي- عمليات الشراء والبيع في المؤسسة- إجراءات مواكبة لعملية الشراء والبيع- عمليات تجهيز المؤسسات- المصاريف العادية.
653 _aالمؤسسة العامة
653 _aالمحاسبة
942 _cكتاب
999 _c46181
_d46181